01296nam a2200373 a 4500003000400000005001700004007000300021008004100024040002500065041000800090082001700098110003100115240002600146245006600172260008700238300002200325490002000347500006600367505002400433505003200457505003900489505002200528505002000550505003400570505004100604505003500645505002300680700003700703710002400740740002400764942001400788952010300802999001700905OSt20201113101915.0ta100224s1989 dr f 001 spa d aDO-SdBNPbspacBNPHU hspa axxxxbC322a  aIglesia Católica .94241 aMulieris dignitatem . 0aCarta apostólica /cCharne Román Peña , diagramación. aSantiago, República Dominicana :bPontificia Universidad Madre y Maestra ,c1989 a81 pag. ;c20 cm. aCol. documentos aI. Incluye referencia bibliográfica al pie de la página. 0 aI. Introducción.-0 aII. Mujer - madre de Dios.-0 aIII. imágen y semejanza de Dios.0 aIV. Eva María.-0 aV. Jesucristo.-0 aVI. Maternidad - virginidad.-0 aVII. la iglesia - esposa de Cristo.-0 aVIII. La mayor es la caridad.-0 aIX. Conclusión.-12aRomán Peña , Charne .977239 4Iglesia Católica. aMulieris dignitatem 2ddccLBS1 00102ddc718PDaPDbPDcHDd2013-11-13iLF1l0oxxxx C322a p15608r2020-11-13w2020-11-13yLFPD c15608d15608